<?xml version="1.0" encoding="UTF-8"?><?xml-stylesheet type="text/xsl" href="static/style.xsl"?><OAI-PMH xmlns="http://www.openarchives.org/OAI/2.0/" xmlns:xsi="http://www.w3.org/2001/XMLSchema-instance" xsi:schemaLocation="http://www.openarchives.org/OAI/2.0/ http://www.openarchives.org/OAI/2.0/OAI-PMH.xsd"><responseDate>2026-04-17T21:28:38Z</responseDate><request verb="GetRecord" identifier="oai:www.recercat.cat:2072/401745" metadataPrefix="marc">https://recercat.cat/oai/request</request><GetRecord><record><header><identifier>oai:recercat.cat:2072/401745</identifier><datestamp>2024-11-25T22:59:36Z</datestamp><setSpec>com_2072_98</setSpec><setSpec>col_2072_378192</setSpec></header><metadata><record xmlns="http://www.loc.gov/MARC21/slim" xmlns:dcterms="http://purl.org/dc/terms/" xmlns:xsi="http://www.w3.org/2001/XMLSchema-instance" xmlns:doc="http://www.lyncode.com/xoai" xsi:schemaLocation="http://www.loc.gov/MARC21/slim http://www.loc.gov/standards/marcxml/schema/MARC21slim.xsd">
   <leader>00925njm 22002777a 4500</leader>
   <datafield ind2=" " ind1=" " tag="042">
      <subfield code="a">dc</subfield>
   </datafield>
   <datafield ind2=" " ind1=" " tag="720">
      <subfield code="a">Almiron, Núria</subfield>
      <subfield code="e">author</subfield>
   </datafield>
   <datafield ind2=" " ind1=" " tag="260">
      <subfield code="c">2006</subfield>
   </datafield>
   <datafield ind2=" " ind1=" " tag="520">
      <subfield code="a">El escenario digital ha ampliado considerablemente el espacio comunicativo con nuevas cabeceras periodísticas, la versión digital de los medios de comunicación tradicionales y nuevas fórmulas alternativas. Sin embargo, esta ampliación del foro ¿supone una ampliación de la discusión pública? Este artículo presenta los resultados de una investigación realizada sobre los diarios digitales de información general sin referente impreso en España para evaluar el pluralismo que Internet ha aportado a la esfera pública informativa en nuestro país.</subfield>
   </datafield>
   <datafield ind2=" " ind1=" " tag="520">
      <subfield code="a">The online scenario has considerably broadened the communications field with new online newspapers, the digital edition of the traditional media and new alternative formats. But does this broadening of the public forum translate into a broadening of public discussion? This paper presents the conclusions of a research study conducted on online-only newspapers in Spain to evaluate the pluralism that Internet brings to the news public sphere.</subfield>
   </datafield>
   <datafield tag="653" ind2=" " ind1=" ">
      <subfield code="a">Diarios digitales de información general</subfield>
   </datafield>
   <datafield tag="653" ind2=" " ind1=" ">
      <subfield code="a">Pluralismo</subfield>
   </datafield>
   <datafield tag="653" ind2=" " ind1=" ">
      <subfield code="a">Internet</subfield>
   </datafield>
   <datafield tag="653" ind2=" " ind1=" ">
      <subfield code="a">Online-only newspapers</subfield>
   </datafield>
   <datafield tag="653" ind2=" " ind1=" ">
      <subfield code="a">Pluralism</subfield>
   </datafield>
   <datafield ind2="0" ind1="0" tag="245">
      <subfield code="a">Pluralismo en Internet : el caso de los diarios digitales españoles de información general sin referente impreso</subfield>
   </datafield>
</record></metadata></record></GetRecord></OAI-PMH>